000 01175nam a22002537a 4500
001 310
003 BD-RjUL
005 20211208233145.0
008 131117r19961979ii d|||| |||| 000 0 eng d
020 _a81-85015-96-1
035 _a(BD-RjUL)327
040 _aBD-RjUL
_beng
_cBD-RjUL
041 _aeng
082 _2 21
_a512.2
_bHOI 1996
100 1 _aHopcroft, John E.
_9871
245 1 _aIntroduction to Automata Theory Languages, and Computation /
_cJohn E Hopcroft.
260 _aNew Delhi ; Calcutta :
_bNarosa Publishing House,
_cc1979 [Reprint 1996]
300 _axii, 418 p. :
_bill. ;
_c21 cm.
505 _aPreliminaries -- Finite automata and regular expressions -- Properties of regular sets -- Context-free grammars -- Pushdown automata -- Properties of context-free languages -- Turing machines -- Undecidability -- The Chomsky hierarchy -- Deterministic context-free languages -- Closure properties of families of languages -- Computational complexity theory -- Intractable problems --
650 7 _2SLSH
_aAutomates mathématiques, Théorie de
_9983
700 1 _aUllman,Jeffrey D
_9984
856 _3worldcat detales
_uhttp://www.worldcat.org
942 _2ddc
_cBK
999 _c310
_d310